Statistics for Biggest Cities In Europe starting with M

Click here to take the quiz!

General Stats

  • This quiz has been taken 160 times
  • The average score is 8 of 20

Answer Stats

PopulationCountryAnswer% Correct
2,824,000SpainMadrid
93%
8,297,000RussiaMoscow
90%
1,306,000ItalyMilan
89%
1,195,000GermanyMunich
87%
431,000United KingdomManchester
80%
800,000FranceMarseille
77%
1,677,000BelarusMinsk
74%
543,000SpainMalaga
52%
257,000SwedenMalmo
48%
307,000GermanyMannheim
31%
264,000GermanyMunster
28%
350,000SpainMurcia
21%
379,000RussiaMurmansk
19%
491,000UkraineMariupol
16%
263,000GermanyMönchengladbach
16%
510,000UkraineMykolaiv
9%
427,000RussiaMagnitogorsk
5%
388,000UkraineMakiivka
4%
331,000RussiaMakhachkala
3%
356,000BelarusMogilev
3%

Score Distribution

Percentile by Number Answered

Percent of People with Each Score

Your Score History

You have not taken this quiz